000 00531nam a22002177a 4500
003 UA-OsUOA
001 38066
007 ta
008 20060426b un ||||| |||| 00| 0 ukr d
100 _aКузьменко Олена
090 _a32
_bК11
942 _cSA
040 _aUA-OsUOA
_bukr
_cUA-OsUOA
_dUA-OsUOA
245 _aУявляв себе Ромео, а повівся - як Отелло
300 _a1 с.
955 _a0
041 _aukr
080 _a32
773 0 _w38064
650 7 _a32 Політика
_2UDC
999 _c324230
_d324230